Ms. Marvel (Kamala Khan) Villains - Statistics

General Stats
  • This quiz has been taken 8 times
  • The average score is 6 of 11
Answer Stats
Description Answer % Correct
A childhood friend of Kamala's & a fellow Nuhuman. Kamran
83%
A hybrid clone of a bird & a historical genius. Mantel later adopted by the clone's creator. the Inventor
83%
A former class mate of Kamala's turned fascist mercenary. Discord
67%
A member of Hydra who uses nuances in the legal and political systems to commit evil. Chuck Worthy
50%
Uses his mask to form weapons out of darkness. Deathbringer
50%
Some A.I. want global genocide. This one just wants to bully everyone. Doc.X
50%
Maple leaf. Throwing star. Crime. Hijinx/Canadian Ninja Syndicate.
50%
Nuhuman hench-girl of the first villain listed above. Kaboom
50%
Uses a transparent super-suit contained in her watch. Lockdown
50%
A super villain business man with THE MOST disturbing exo-suit of any villain. Monopoly
50%
Kamala's "counterpart/equivalent" to Spider-Man's Venom. Stormranger
50%
No matching quizzes found
Score Distribution
Percent of People with Each Score
Percentile by Number Answered
Your Score History
You have not taken this quiz